[Event "69th ch-RUS HL 2016"]
[Site "Kolomna RUS"]
[Date "2016.06.29"]
[Round "7.16"]
[White "Volkov, Sergey"]
[Black "Bezgodov, Alexei"]
[Result "1-0"]
[WhiteTitle "GM"]
[BlackTitle "GM"]
[WhiteElo "2604"]
[BlackElo "2493"]
[WhiteFideId "4122763"]
[BlackFideId "4105257"]
[EventDate "2016.06.22"]

1. d4 d5 2. c4 e6 3. Nc3 Nf6 4. cxd5 exd5 5. Bg5 c6 6. e3 Be7 7. Qc2 Nbd7 8. Nf3
O-O 9. Bd3 Re8 10. O-O Nf8 11. h3 Nh5 12. Bxe7 Qxe7 13. Ne5 g6 14. Rae1 Ng7 15.
f3 Qh4 16. Qf2 Qxf2+ 17. Kxf2 Be6 18. b4 Rad8 19. a4 Nd7 20. Nxd7 Bxd7 21. g4 f5
22. a5 Rf8 23. Kg3 g5 24. f4 gxf4+ 25. exf4 fxg4 26. hxg4 h5 27. f5 hxg4 28.
Kxg4 Kf7 29. Rh1 Rh8 30. Ne2 Rdg8 31. Kf4 Nh5+ 32. Ke3 Rg5 33. Kd2 Rhg8 34. Ref1
Nf6 35. Rh6 Ne4+ 36. Bxe4 dxe4 37. f6 Bf5 38. Ke3 Bg6 39. Rf2 Rh5 40. Rxh5 Bxh5
41. Nf4 Bf3 42. a6 bxa6 43. Rc2 Bh1 44. Rxc6 Rg3+ 45. Ke2 Rb3 46. Nd5 Bf3+ 47.
Kf2 Bh5 48. Rxa6 Rf3+ 49. Kg2 Bg6 50. b5 Bf5 51. Rxa7+ Ke6 52. b6 Kxd5 53. b7
Rb3 54. f7 1-0

[Event "69th ch-RUS HL 2016"]
[Site "Kolomna RUS"]
[Date "2016.06.29"]
[Round "7.17"]
[White "Gabrielian, Artur"]
[Black "Esipenko, Andrey"]
[Result "1-0"]
[WhiteTitle "GM"]
[BlackTitle "FM"]
[WhiteElo "2520"]
[BlackElo "2471"]
[WhiteFideId "4131002"]
[BlackFideId "24175439"]
[EventDate "2016.06.22"]

1. e4 e5 2. Nf3 Nc6 3. Bb5 a6 4. Ba4 Nf6 5. O-O Be7 6. Re1 b5 7. Bb3 d6 8. c3
O-O 9. h3 Bb7 10. d4 Re8 11. Nbd2 Bf8 12. a4 h6 13. Bc2 exd4 14. cxd4 Nb4 15.
Bb1 c5 16. d5 Nd7 17. Nf1 f5 18. exf5 Rxe1 19. Qxe1 Nf6 20. Nh4 Bxd5 21. Ng6 Qe8
22. Qd1 Nc6 23. Ne3 Bf7 24. Nxf8 Qxf8 25. Ng4 Nxg4 26. hxg4 Nd4 27. Be3 Nb3 28.
Ra3 c4 29. axb5 axb5 30. Rxa8 Qxa8 31. f6 Qd5 32. Qe2 Qe5 33. fxg7 Qxg7 34. Qf3
Qxb2 35. Qf5 Nd2 36. Qh7+ Kf8 37. Bxh6+ Ke8 38. Bg6 Qa1+ 39. Kh2 Nf1+ 40. Kh3
Bxg6 41. Qxg6+ Kd7 42. Qf5+ Kc6 43. g5 Nd2 44. Qc8+ Kb6 45. Qb8+ Kc5 46. Qc7+
Kd5 47. Qb7+ Ke6 48. g6 Qh1+ 49. Kg4 Qxh6 50. Qh7 1-0

[Event "69th ch-RUS HL 2016"]
[Site "Kolomna RUS"]
[Date "2016.06.29"]
[Round "7.18"]
[White "Kozionov, Kirill"]
[Black "Popov, Ivan RUS"]
[Result "1/2-1/2"]
[WhiteTitle "IM"]
[BlackTitle "GM"]
[WhiteElo "2440"]
[BlackElo "2648"]
[WhiteFideId "24101729"]
[BlackFideId "4170350"]
[EventDate "2016.06.22"]

1. Nf3 g6 2. d4 Bg7 3. g3 b6 4. Bg2 Bb7 5. O-O Nf6 6. c4 O-O 7. Nc3 Ne4 8. Nxe4
Bxe4 9. Be3 d6 10. Qd2 c5 11. Bh6 Nd7 12. Bxg7 Kxg7 13. Ne1 Bxg2 14. Nxg2 Nf6
15. Ne3 e5 16. dxe5 dxe5 17. Rad1 Qxd2 18. Rxd2 Rfd8 19. Rxd8 Rxd8 20. Rd1 Rd4
21. f3 h5 22. Kf2 Kf8 23. Ke1 Ke7 24. b3 Ke6 25. Nc2 Rxd1+ 26. Kxd1 Ne8 27. Kd2
f5 28. e4 Nf6 29. Kd3 fxe4+ 30. fxe4 Ng4 31. h4 Nf2+ 32. Ke3 Ng4+ 33. Kd3 Nf2+
34. Ke3 Ng4+ 35. Kd3 1/2-1/2

[Event "69th ch-RUS HL 2016"]
[Site "Kolomna RUS"]
[Date "2016.06.29"]
[Round "7.19"]
[White "Khismatullin, Denis"]
[Black "Prizant, Jaroslav"]
[Result "1-0"]
[WhiteTitle "GM"]
[BlackTitle "IM"]
[WhiteElo "2623"]
[BlackElo "2511"]
[WhiteFideId "4142578"]
[BlackFideId "4140664"]
[EventDate "2016.06.22"]

1. d4 Nf6 2. c4 d6 3. Nc3 g6 4. e4 Bg7 5. Be2 O-O 6. Be3 c6 7. Nf3 e5 8. d5 Ng4
9. Bg5 f6 10. Bh4 c5 11. O-O Na6 12. a3 Nh6 13. Nd2 Nf7 14. Rb1 h5 15. h3 Bd7
16. b4 b6 17. Bd3 Bh6 18. Re1 Kg7 19. Bc2 Qc8 20. Bg3 Bf4 21. Ne2 Bxg3 22. Nxg3
Qe8 23. Nf3 Nh6 24. Nh4 Rc8 25. Re3 Kh7 26. Nf3 Qe7 27. Ba4 Nb8 28. Rc3 Rc7 29.
Bc2 Rfc8 30. Bd3 Be8 31. Qd2 Nd7 32. Nf1 Kg7 33. Ne3 Nf7 34. Bc2 Nb8 35. Qd1 Bd7
36. Nh4 Nh6 37. Ba4 f5 38. Bxd7 Nxd7 39. Nxg6 Kxg6 40. Nxf5 Nxf5 41. exf5+ Kf6
42. Qxh5 Rg8 43. Rbb3 Nf8 44. Qh6+ Kf7 45. f6 Qd8 46. Rg3 Rxg3 47. Rxg3 Ke8 48.
Rg7 Rf7 49. bxc5 bxc5 50. Rxf7 Kxf7 51. Qg7+ Ke8 52. g4 Qd7 53. g5 Qf7 54. h4
Ng6 55. Qh6 Nf4 56. Kh2 Qg8 57. Kg3 Kf7 58. h5 Ne2+ 59. Kh4 Nf4 60. g6+ Nxg6+
61. Qxg6+ Qxg6 62. hxg6+ Kxg6 63. f7 Kxf7 64. Kg5 Kg7 65. Kf5 Kf7 66. a4 a6 67.
a5 1-0

[Event "69th ch-RUS HL 2016"]
[Site "Kolomna RUS"]
[Date "2016.06.29"]
[Round "7.20"]
[White "Demchenko, Anton"]
[Black "Yuffa, Daniil"]
[Result "1/2-1/2"]
[WhiteTitle "GM"]
[BlackTitle "IM"]
[WhiteElo "2611"]
[BlackElo "2502"]
[WhiteFideId "4160258"]
[BlackFideId "24131423"]
[EventDate "2016.06.22"]

1. e4 c6 2. d4 d5 3. Nc3 dxe4 4. Nxe4 Nd7 5. Nf3 Ngf6 6. Ng3 e6 7. Bd3 Be7 8.
O-O O-O 9. Qe2 c5 10. Rd1 Qc7 11. c4 Re8 12. b3 b6 13. Bb2 Bb7 14. Bc2 cxd4 15.
Nxd4 Nf8 16. Nb5 Qc6 17. Qf1 N8d7 18. Nd4 Qc5 19. Nb5 Qc6 20. Nd4 Qc5 21. Nb5
Qc6 22. Nd4 1/2-1/2

[Event "69th ch-RUS HL 2016"]
[Site "Kolomna RUS"]
[Date "2016.06.29"]
[Round "7.21"]
[White "Triapishko, Olexandr"]
[Black "Antipov, Mikhail Al."]
[Result "0-1"]
[BlackTitle "GM"]
[WhiteElo "2466"]
[BlackElo "2584"]
[WhiteFideId "14122286"]
[BlackFideId "4107012"]
[EventDate "2016.06.22"]

1. e4 c5 2. Nf3 Nc6 3. d4 cxd4 4. Nxd4 e6 5. Nc3 d6 6. Be3 Nf6 7. Qe2 Nxd4 8.
Bxd4 e5 9. Be3 a6 10. O-O-O Be6 11. Bg5 Be7 12. Bxf6 Bxf6 13. Nd5 Rc8 14. g3 Rc5
15. Kb1 Bxd5 16. Rxd5 Rxd5 17. exd5 O-O 18. Bg2 g6 19. c3 Bg7 20. h4 Qb6 21. g4
Rc8 22. Qe3 Qc7 23. Be4 b5 24. h5 a5 25. f3 Qd8 26. Rh2 b4 27. cxb4 axb4 28.
hxg6 hxg6 29. Rc2 Ra8 30. Qb3 Qa5 31. Rc4 Qa7 32. Qxb4 Qxa2+ 33. Kc2 Bh6 34. Qc3
Kg7 35. f4 Bxf4 36. Bf3 Bg5 37. Rc7 Qa4+ 38. Kd3 Qf4 39. Kc2 Ra1 0-1

[Event "69th ch-RUS HL 2016"]
[Site "Kolomna RUS"]
[Date "2016.06.29"]
[Round "7.22"]
[White "Pridorozhni, Aleksei"]
[Black "Iljiushenok, Ilia"]
[Result "1-0"]
[WhiteTitle "GM"]
[BlackTitle "IM"]
[WhiteElo "2552"]
[BlackElo "2495"]
[WhiteFideId "4127870"]
[BlackFideId "24105074"]
[EventDate "2016.06.22"]

1. c4 e5 2. Nc3 Nf6 3. g3 d5 4. cxd5 Nxd5 5. Bg2 Nb6 6. d3 Be7 7. Be3 O-O 8. Rc1
Re8 9. Qc2 Bf8 10. a3 h6 11. Ne4 Nc6 12. Nf3 Nd5 13. O-O a5 14. Bc5 Bxc5 15.
Qxc5 f5 16. Nc3 Nb6 17. b4 axb4 18. axb4 e4 19. dxe4 fxe4 20. Rfd1 Qe7 21. Nd4
Nxb4 22. Nxe4 Qxc5 23. Nxc5 c6 24. Rb1 N6d5 25. Rdc1 Na2 26. Bxd5+ cxd5 27. Rc2
Bh3 28. f3 Nb4 29. Rd2 Nc6 30. Kf2 Nxd4 31. Rxd4 Ra2 32. Re1 Bc8 33. Rxd5 b6 34.
Nb3 Ba6 35. Rd2 Ra4 36. Rb1 Rb4 37. Rbb2 Bc4 38. Nd4 Rxb2 39. Rxb2 b5 40. g4 Ra8
41. h4 Kf8 42. Kg3 Ke7 43. Rb1 Kf6 44. e4 Bd3 45. Rb3 Bc4 46. Rb2 g6 47. f4 Rd8
48. g5+ Kg7 49. Nf3 hxg5 50. hxg5 Rd1 51. Kf2 Rh1 52. Ke3 Rh3 53. Rd2 b4 54. f5
gxf5 55. exf5 b3 56. Kf4 Rh1 57. f6+ Kf7 58. Rd7+ Ke8 59. Re7+ Kd8 60. Nd2 Bd5
61. Ke5 Rd1 62. Kxd5 Rxd2+ 63. Ke6 Rg2 64. Kf5 1-0

[Event "69th ch-RUS HL 2016"]
[Site "Kolomna RUS"]
[Date "2016.06.29"]
[Round "7.23"]
[White "Bocharov, Ivan"]
[Black "Goryachkina, Aleksandra"]
[Result "1-0"]
[WhiteTitle "FM"]
[BlackTitle "WGM"]
[WhiteElo "2517"]
[BlackElo "2486"]
[WhiteFideId "4180887"]
[BlackFideId "4147103"]
[EventDate "2016.06.22"]

1. e4 e5 2. Nf3 Nc6 3. Bc4 Bc5 4. c3 Nf6 5. b4 Be7 6. d3 O-O 7. O-O d5 8. exd5
Nxd5 9. Re1 Bf6 10. Ng5 Bxg5 11. Bxg5 Qxg5 12. Bxd5 Ne7 13. Be4 c6 14. Nd2 Bg4
15. Bf3 Bc8 16. Nc4 Ng6 17. Qc1 Qxc1 18. Raxc1 f6 19. a4 Be6 20. Na5 Rab8 21. b5
Nf4 22. Re3 Bd5 23. g3 Ne6 24. Bg4 Nc5 25. c4 Bf7 26. bxc6 bxc6 27. Nxc6 Rb3 28.
a5 Nxd3 29. Rd1 Nc5 30. Nxa7 Rxe3 31. fxe3 Ra8 32. Nc6 h5 33. Bf3 e4 34. Be2 Be8
35. Nb4 Kf8 36. Ra1 Nb3 37. Ra3 Nxa5 38. Nd5 Ra7 39. Nc3 Nc6 40. Rxa7 Nxa7 41.
Nxe4 Ke7 42. Kf2 Nc6 43. c5 Ne5 44. Nd6 Bg6 45. Nc4 Nd3+ 46. Bxd3 Bxd3 47. Nd6
f5 48. Kf3 Ke6 49. Kf4 g6 50. h4 Bc2 51. Nb5 Kd5 52. c6 1-0

[Event "69th ch-RUS HL 2016"]
[Site "Kolomna RUS"]
[Date "2016.06.29"]
[Round "7.24"]
[White "Sviridov, Valery"]
[Black "Vasilyev, Vasily"]
[Result "1-0"]
[BlackTitle "FM"]
[WhiteElo "2517"]
[BlackElo "2307"]
[WhiteFideId "4120680"]
[BlackFideId "24102180"]
[EventDate "2016.06.22"]

1. Nf3 d5 2. g3 c6 3. Bg2 Nf6 4. O-O Bf5 5. c4 e6 6. b3 Be7 7. Bb2 Nbd7 8. d3
O-O 9. Nh4 Bg6 10. Nxg6 hxg6 11. Nd2 Qb6 12. Qc2 Rfd8 13. Rac1 a5 14. a3 Bc5 15.
e3 d4 16. e4 g5 17. h3 e5 18. Nf3 Nh7 19. Rb1 f6 20. Bc1 Be7 21. h4 g6 22. hxg5
Nxg5 23. Bxg5 fxg5 24. Bh3 Qc7 25. Qd2 Kg7 26. Nxg5 Bxg5 27. Qxg5 Nc5 28. f4 Rh8
29. Bg4 Rae8 30. b4 axb4 31. axb4 Ne6 32. Bxe6 Rxe6 33. Kg2 Rh5 34. Qg4 Re8 35.
f5 Rh6 36. Rh1 Reh8 37. Rxh6 Rxh6 38. Rh1 Qd6 39. Rxh6 Kxh6 40. Qxg6+ Qxg6 41.
fxg6 Kxg6 42. Kh3 Kh5 43. c5 Kg5 44. g4 Kf4 45. Kh4 Ke3 46. g5 Kxd3 47. g6 Kc3 1-0

[Event "69th ch-RUS HL 2016"]
[Site "Kolomna RUS"]
[Date "2016.06.29"]
[Round "7.25"]
[White "Oganian, Miran"]
[Black "Khegay, Dmitriy"]
[Result "1/2-1/2"]
[WhiteTitle "IM"]
[BlackTitle "FM"]
[WhiteElo "2433"]
[BlackElo "2434"]
[WhiteFideId "4122488"]
[BlackFideId "24153729"]
[EventDate "2016.06.22"]

1. d4 Nf6 2. c4 g6 3. Nc3 d5 4. cxd5 Nxd5 5. e4 Nxc3 6. bxc3 Bg7 7. Be3 c5 8.
Qd2 Qa5 9. Rc1 cxd4 10. cxd4 Qxd2+ 11. Kxd2 O-O 12. Nf3 Rd8 13. Bb5 Nc6 14. Bxc6
bxc6 15. Rc5 f5 16. Rb1 Be6 17. exf5 Bxf5 18. Rb7 Rdb8 19. Rxb8+ Rxb8 20. Kc3
Be4 21. Ne5 Rb5 22. Rxb5 cxb5 23. f3 Bd5 24. Kb4 Bxe5 25. dxe5 Bxa2 26. Kxb5 a6+
27. Kxa6 Bc4+ 28. Kb6 Bf1 29. g3 Be2 30. f4 Kf7 31. Kc7 e6 32. Kd6 h5 33. Bb6
Bg4 34. Bd8 Ke8 35. Bh4 Kf7 36. Bg5 Bf5 37. Bh4 Bg4 38. Bg5 Bf5 39. Bh4 Bg4 40.
Bg5 Bf5 1/2-1/2

[Event "69th ch-RUS HL 2016"]
[Site "Kolomna RUS"]
[Date "2016.06.29"]
[Round "7.26"]
[White "Suleymanyants, Odisey"]
[Black "Cherniaev, Alexander"]
[Result "0-1"]
[WhiteTitle "FM"]
[BlackTitle "GM"]
[WhiteElo "2268"]
[BlackElo "2451"]
[WhiteFideId "24149357"]
[BlackFideId "4117301"]
[EventDate "2016.06.22"]

1. e4 g6 2. Nf3 Bg7 3. g3 c5 4. Bg2 Nc6 5. O-O d6 6. d3 e5 7. Nbd2 Nge7 8. c3
O-O 9. b4 cxb4 10. cxb4 Nxb4 11. Ba3 a5 12. Nc4 b5 13. Ne3 Na6 14. d4 b4 15. Bb2
Bb7 16. Nc4 Bxe4 17. dxe5 dxe5 18. Nfxe5 Bxg2 19. Kxg2 Qxd1 20. Rfxd1 Nc5 21.
Nd7 Bxb2 22. Nxb2 Nxd7 23. Rxd7 Nf5 24. Na4 Rfe8 25. Kf3 Rac8 26. Rad1 Rc2 27.
R1d2 Rxd2 28. Rxd2 Re1 29. Nb6 Rb1 30. Ke4 Rc1 31. g4 Nh4 32. f4 f5+ 33. gxf5
gxf5+ 34. Kd5 Ng6 35. Rf2 Kg7 36. Kd4 Kf6 37. Nd7+ Ke7 38. Nc5 Kf7 39. Nb3 Re1
40. Nxa5 Re4+ 41. Kc5 Nxf4 42. Rf3 Ne6+ 43. Kd5 Kf6 44. Nc6 Re2 45. Nxb4 Rxh2
46. Kd6 f4 47. a4 Kf5 48. Ra3 Nd4 49. Kd5 Rd2 50. Rd3 Rxd3 51. Nxd3 Nb3 52. Kc4
Na5+ 53. Kb5 Ke4 54. Nf2+ Kf3 55. Kxa5 Kxf2 56. Kb4 Kg3 57. a5 f3 58. a6 f2 59.
a7 f1=Q 60. a8=Q 0-1

[Event "69th ch-RUS HL 2016"]
[Site "Kolomna RUS"]
[Date "2016.06.29"]
[Round "7.27"]
[White "Yanchenko, Roman"]
[Black "Korniushin, Nikolay"]
[Result "1-0"]
[WhiteTitle "FM"]
[BlackTitle "IM"]
[WhiteElo "2414"]
[BlackElo "2348"]
[WhiteFideId "4137329"]
[BlackFideId "4123808"]
[EventDate "2016.06.22"]

1. d4 Nf6 2. c4 g6 3. Nf3 Bg7 4. g3 O-O 5. Bg2 c6 6. O-O d6 7. Nc3 Qa5 8. d5
cxd5 9. cxd5 b5 10. Nd4 b4 11. Ne4 Nxe4 12. Bxe4 Bb7 13. Bg2 Nd7 14. Bg5 Nf6 15.
Qd2 Qb6 16. Nc6 Bxc6 17. dxc6 a5 18. Rac1 Qc7 19. Rc4 Rfb8 20. Rfc1 Rb5 21. e4
Ne8 22. Be3 Rc8 23. Bf1 Rbb8 24. h4 e6 25. R4c2 Ra8 26. Bb5 Qe7 27. Bg5 f6 28.
Bf4 Bf8 29. a3 Nc7 30. Bf1 bxa3 31. bxa3 Rcb8 32. Rd1 Ne8 33. Bc4 Kh8 34. Ba2
Ra6 35. Qd3 Rbb6 36. Rdc1 Nc7 37. Qd4 Rb8 38. Rd2 Rd8 39. e5 fxe5 40. Bxe5+ Bg7
41. Bxd6 Qf7 42. Qc4 Raa8 43. Rdd1 Nd5 44. c7 Rdc8 45. Qc6 Ra7 46. Bxd5 exd5 47.
Qxd5 Qxd5 48. Rxd5 Kg8 49. Rb5 1-0

[Event "69th ch-RUS HL 2016"]
[Site "Kolomna RUS"]
[Date "2016.06.29"]
[Round "7.28"]
[White "Truskavetsky, Alexandr"]
[Black "Sarana, Alexey"]
[Result "1-0"]
[WhiteTitle "IM"]
[BlackTitle "IM"]
[WhiteElo "2389"]
[BlackElo "2422"]
[WhiteFideId "14108577"]
[BlackFideId "24133795"]
[EventDate "2016.06.22"]

1. d4 Nf6 2. Bg5 g6 3. Bxf6 exf6 4. c4 Bg7 5. Nc3 O-O 6. g3 f5 7. Bg2 d6 8. e3
c6 9. Nge2 Qb6 10. b3 a5 11. O-O Na6 12. a3 Bd7 13. Rb1 Rfd8 14. Qd2 Be6 15.
Rfc1 Nc7 16. Nf4 Qa6 17. h4 Ne8 18. Bf1 Qa7 19. b4 axb4 20. axb4 Nf6 21. b5 Bd7
22. Bg2 Bh6 23. Rc2 Bxf4 24. gxf4 c5 25. dxc5 dxc5 26. Qd6 Be6 27. Qe7 Nd7 28.
Ra2 Qb8 29. Rxa8 Qxa8 30. Bxb7 Qb8 31. Bd5 Re8 32. Qg5 Nb6 33. Bxe6 Rxe6 34. Rd1
Kg7 35. Qd8 Qa7 36. Nd5 Nxc4 37. Nc7 Rb6 38. Ne8+ Kf8 39. Nd6+ Kg7 40. Nxc4 Rxb5
41. Rd7 Qa1+ 42. Kg2 Rb1 43. Rxf7+ Kxf7 44. Ne5+ 1-0

[Event "69th ch-RUS HL 2016"]
[Site "Kolomna RUS"]
[Date "2016.06.29"]
[Round "7.29"]
[White "Kurbedinov, Ramis"]
[Black "Rodin, Dmitrij"]
[Result "0-1"]
[WhiteTitle "IM"]
[BlackTitle "FM"]
[WhiteElo "2327"]
[BlackElo "2371"]
[WhiteFideId "14200619"]
[BlackFideId "4127412"]
[EventDate "2016.06.22"]

1. d4 Nf6 2. c4 e6 3. Nc3 Bb4 4. e3 O-O 5. Bd3 c5 6. Ne2 cxd4 7. exd4 d5 8. O-O
Nc6 9. a3 dxc4 10. Bxc4 Bd6 11. h3 Bd7 12. Bg5 Be7 13. Rc1 Rc8 14. Ba2 Nd5 15.
Bxe7 Ndxe7 16. Qd3 Ng6 17. Ne4 Nce7 18. Rxc8 Qxc8 19. Rc1 Qb8 20. Bb1 Bc6 21. h4
Nf5 22. g3 Rd8 23. h5 Ne5 24. Qc3 Nxd4 25. Nxd4 Rxd4 26. Ng5 Qd8 27. Bxh7+ Kh8
28. f4 Qd5 0-1

[Event "69th ch-RUS HL 2016"]
[Site "Kolomna RUS"]
[Date "2016.06.29"]
[Round "7.30"]
[White "Bykov, Egor"]
[Black "Savchenko, Boris"]
[Result "0-1"]
[WhiteTitle "FM"]
[BlackTitle "GM"]
[WhiteElo "2341"]
[BlackElo "2633"]
[WhiteFideId "34115290"]
[BlackFideId "4147332"]
[EventDate "2016.06.22"]

1. d4 Nf6 2. Nf3 g6 3. g3 c5 4. dxc5 Qa5+ 5. Nc3 Bg7 6. Bd2 Qxc5 7. Bg2 Nc6 8.
O-O d6 9. Rb1 O-O 10. e4 Rd8 11. h3 d5 12. exd5 Nxd5 13. Nxd5 Qxd5 14. Qe2 Qxa2
15. Bc3 Be6 16. Bxg7 Bc4 17. Qe3 Bxf1 18. Qh6 f6 19. Ng5 fxg5 20. Rxf1 Qf7 21.
Bc3 Nd4 22. Re1 Qf6 23. Bxb7 Nf5 24. Bxf6 exf6 0-1

[Event "69th ch-RUS HL 2016"]
[Site "Kolomna RUS"]
[Date "2016.06.30"]
[Round "8.1"]
[White "Oparin, Grigoriy"]
[Black "Zvjaginsev, Vadim"]
[Result "1/2-1/2"]
[WhiteTitle "GM"]
[BlackTitle "GM"]
[WhiteElo "2597"]
[BlackElo "2677"]
[WhiteFideId "24125890"]
[BlackFideId "4113403"]
[EventDate "2016.06.22"]

1. e4 c5 2. Nf3 Nc6 3. d4 cxd4 4. Nxd4 g6 5. c4 Nf6 6. Nc3 d6 7. Be2 Nxd4 8.
Qxd4 Bg7 9. Be3 O-O 10. Qd2 Qa5 11. f3 Be6 12. Rc1 Rfc8 13. b3 Rab8 14. g4 a6
15. h4 b5 16. Nd5 Qxd2+ 17. Kxd2 Nxd5 18. cxd5 Bd7 19. h5 Bb2 20. Rc2 Rxc2+ 21.
Kxc2 Be5 22. hxg6 hxg6 23. Kd2 b4 24. Bc4 a5 25. Kd3 f5 26. gxf5 gxf5 27. Bd4
Kg7 28. Bxe5+ dxe5 29. exf5 Bxf5+ 30. Ke3 Bg6 31. Rd1 Rd8 32. a3 bxa3 33. Ra1
Rc8 34. Rxa3 Rc5 35. Ra1 Kf6 36. f4 Bf7 37. Ke4 Bg6+ 38. Ke3 Bf7 39. Ke4 Bg6+
40. Ke3 Bf7 41. Ke4 1/2-1/2

[Event "69th ch-RUS HL 2016"]
[Site "Kolomna RUS"]
[Date "2016.06.30"]
[Round "8.2"]
[White "Fedoseev, Vladimir3"]
[Black "Ponkratov, Pavel"]
[Result "1/2-1/2"]
[WhiteTitle "GM"]
[BlackTitle "GM"]
[WhiteElo "2665"]
[BlackElo "2573"]
[WhiteFideId "24130737"]
[BlackFideId "4157800"]
[EventDate "2016.06.22"]

1. e4 e5 2. Nf3 Nc6 3. Bc4 Nf6 4. d3 h6 5. O-O d6 6. c3 g6 7. a4 Bg7 8. Nbd2 O-O
9. Re1 a5 10. Rb1 Qe8 11. b4 axb4 12. cxb4 Be6 13. Ba3 Nd7 14. Qc2 Bxc4 15. Nxc4
Nd8 16. b5 Qe6 17. Rbd1 Re8 18. d4 exd4 19. Nxd4 Qg4 20. h3 Qh5 21. b6 Nxb6 22.
Nxb6 cxb6 23. Nb5 Ne6 24. Nxd6 Red8 25. Rd5 Qh4 26. Qb3 Nf4 27. Rdd1 Rd7 28. e5
Qg5 29. g3 Nxh3+ 30. Kf1 Bxe5 31. Ne4 Qf5 32. Rxd7 Qxd7 33. Bb2 Bxb2 34. Qxb2
Qd3+ 35. Kg2 Ng5 36. Nf6+ Kf8 37. Re3 Qc4 38. Kh2 Rd8 39. Nh7+ Kg8 40. Nf6+ Kf8 1/2-1/2

[Event "69th ch-RUS HL 2016"]
[Site "Kolomna RUS"]
[Date "2016.06.30"]
[Round "8.3"]
[White "Kokarev, Dmitry"]
[Black "Riazantsev, Alexander"]
[Result "1/2-1/2"]
[WhiteTitle "GM"]
[BlackTitle "GM"]
[WhiteElo "2624"]
[BlackElo "2646"]
[WhiteFideId "4132181"]
[BlackFideId "4125029"]
[EventDate "2016.06.22"]

1. e4 c6 2. d4 d5 3. exd5 cxd5 4. Bd3 Nc6 5. c3 Qc7 6. Ne2 Bg4 7. O-O e6 8. Qe1
Bxe2 9. Qxe2 Nf6 10. Nd2 Bd6 11. Nf3 O-O 12. Bg5 Nd7 13. Bh4 Rfe8 14. Bg3 Nf8
15. Rfe1 a6 16. a4 Rad8 17. Rad1 Qa5 18. Ra1 Qc7 19. Rad1 Qa5 20. Ra1 1/2-1/2

[Event "69th ch-RUS HL 2016"]
[Site "Kolomna RUS"]
[Date "2016.06.30"]
[Round "8.4"]
[White "Sjugirov, Sanan"]
[Black "Goganov, Aleksey"]
[Result "1/2-1/2"]
[WhiteTitle "GM"]
[BlackTitle "GM"]
[WhiteElo "2665"]
[BlackElo "2620"]
[WhiteFideId "4189302"]
[BlackFideId "24109959"]
[EventDate "2016.06.22"]

1. d4 d5 2. c4 c6 3. Nf3 Nf6 4. Nc3 e6 5. Bg5 h6 6. Bxf6 Qxf6 7. e3 g6 8. Rc1
Nd7 9. cxd5 exd5 10. Bd3 Bg7 11. b4 Qd6 12. Qb3 Nb6 13. b5 Bg4 14. bxc6 bxc6 15.
Nd2 O-O 16. Qc2 Nc8 17. O-O Ne7 18. Na4 Rfc8 19. Nc5 Bf5 20. Qa4 Bxd3 21. Nxd3
Bf8 22. Rc3 Rc7 23. Rb1 Rac8 24. h3 Nf5 25. Rbc1 Qe6 26. Nf4 Qd7 27. Nf3 Qd6 28.
Nd3 Ne7 29. Rc5 f6 30. Ra5 Qd8 31. Nc5 Kf7 32. Nd2 h5 33. Rc3 h4 34. Rc2 Nf5 35.
Rxa7 Rxa7 36. Qxa7+ Rc7 37. Qa5 Qc8 38. Qc3 Kg7 39. Nd3 Bd6 40. a4 Qa6 41. a5
Ra7 42. Nb3 Qb5 43. Ndc5 Kh7 44. a6 Qb6 45. Rb2 Qd8 46. Nb7 Qc8 47. N3c5 Bb8 48.
Qa5 Bc7 49. Qb4 Qe8 50. Qc3 Qe7 51. Rb1 Ra8 52. Qd3 Bb8 53. e4 dxe4 54. Nxe4
Rxa6 55. Nxf6+ Qxf6 56. Qxa6 Nxd4 57. Rd1 Qf4 58. Kf1 Nf5 59. Rd7+ Kh8 60. Rd8+
Kh7 61. Rd7+ Kh8 62. Qa1+ Be5 63. Qa8+ Bb8 64. Rd8+ Kh7 65. Rd7+ Kh8 66. Qa3
Ng3+ 67. Kg1 Ne2+ 68. Kf1 Ng3+ 69. Ke1 Qe4+ 70. Kd1 Qe2+ 71. Kc1 Bf4+ 72. Kb1
Qe1+ 73. Kc2 Qxf2+ 74. Kb3 Qe3+ 75. Ka4 Qa7+ 76. Kb3 Qe3+ 77. Ka4 Qa7+ 78. Kb3
Qe3+ 79. Ka4 Qa7+ 1/2-1/2

[Event "69th ch-RUS HL 2016"]
[Site "Kolomna RUS"]
[Date "2016.06.30"]
[Round "8.5"]
[White "Matlakov, Maxim"]
[Black "Alekseenko, Kirill"]
[Result "1/2-1/2"]
[WhiteTitle "GM"]
[BlackTitle "GM"]
[WhiteElo "2691"]
[BlackElo "2576"]
[WhiteFideId "4168003"]
[BlackFideId "4135539"]
[EventDate "2016.06.22"]

1. d4 d5 2. Nf3 Nf6 3. c4 c6 4. g3 g6 5. b3 Bg7 6. Bg2 O-O 7. O-O a5 8. Nc3 Ne4
9. Bb2 Nxc3 10. Bxc3 Be6 11. cxd5 cxd5 12. e3 Nc6 13. Qe2 Qd7 14. Rfc1 Rfc8 15.
Ne1 Bh3 16. Bh1 Bf5 17. Nd3 Bxd3 18. Qxd3 e6 19. Bg2 Bf8 20. a3 a4 21. Rcb1 axb3
22. Rxb3 Na5 23. Bxa5 Rxa5 24. Bf1 Rca8 25. Qb1 Rxa3 26. Raxa3 Rxa3 27. Rxb7 Qc6
28. Qb5 Qxb5 29. Bxb5 Rb3 30. Bc6 Rxb7 31. Bxb7 Be7 32. Kg2 Bf8 33. Kg1 Be7 34.
Kg2 Bf8 35. Kg1 1/2-1/2

[Event "69th ch-RUS HL 2016"]
[Site "Kolomna RUS"]
[Date "2016.06.30"]
[Round "8.6"]
[White "Lysyj, Igor"]
[Black "Alekseev, Evgeny"]
[Result "1/2-1/2"]
[WhiteTitle "GM"]
[BlackTitle "GM"]
[WhiteElo "2663"]
[BlackElo "2626"]
[WhiteFideId "4150120"]
[BlackFideId "4138147"]
[EventDate "2016.06.22"]

1. d4 e6 2. c4 b6 3. e4 Bb7 4. Bd3 Bb4+ 5. Bd2 Bxd2+ 6. Qxd2 f5 7. Nc3 Nf6 8.
Qe2 Qe7 9. Nf3 fxe4 10. Nxe4 Nc6 11. O-O O-O-O 12. Rfe1 Kb8 13. Rad1 h6 14. Nc3
Qd6 15. Bb1 Rhf8 16. a3 Qf4 17. d5 exd5 18. Nxd5 Qg4 19. b4 d6 20. Ne3 Qh5 21.
Nf5 Qf7 22. Qe6 Ne5 23. Nxe5 Qxe6 24. Nc6+ Bxc6 25. Rxe6 Nh5 26. Nd4 Bb7 27. g3
Nf6 28. Ree1 Rfe8 29. Ne6 Rd7 30. Bg6 Ree7 31. b5 c6 32. bxc6 Bxc6 33. Bf5 Bb7
34. Re3 Ba6 35. Rd4 Bc8 36. Red3 Ne8 37. Nf4 Re1+ 38. Kg2 Rde7 39. Bg6 Bb7+ 40.
f3 Rc1 41. Rd1 1/2-1/2

[Event "69th ch-RUS HL 2016"]
[Site "Kolomna RUS"]
[Date "2016.06.30"]
[Round "8.7"]
[White "Predke, Alexandr"]
[Black "Eliseev, Urii"]
[Result "1/2-1/2"]
[WhiteTitle "GM"]
[BlackTitle "GM"]
[WhiteElo "2550"]
[BlackElo "2602"]
[WhiteFideId "24107581"]
[BlackFideId "24131920"]
[EventDate "2016.06.22"]

1. e4 e5 2. Nf3 Nc6 3. Bb5 a6 4. Ba4 Nf6 5. O-O Nxe4 6. d4 b5 7. Bb3 d5 8. dxe5
Be6 9. Be3 Be7 10. c3 O-O 11. Nbd2 Bg4 12. Nxe4 dxe4 13. Qd5 exf3 14. Qxc6 fxg2
15. Rfd1 Qc8 16. Rd4 Rb8 17. Qxg2 Bf5 18. Rf4 c5 19. Bd5 Rb6 20. Kh1 Rd8 21. b3
Be6 22. c4 bxc4 23. Bxc4 Bxc4 24. Rxc4 Rg6 25. Qe4 Qh3 26. Rcc1 f5 27. exf6 Bxf6
28. Rd1 Rf8 29. Rac1 Rg4 30. Qd5+ Kh8 31. Rd3 Rd4 32. Bxd4 Qxd3 33. Qxc5 Rd8 34.
Bxf6 Qf3+ 35. Kg1 Rd1+ 36. Rxd1 Qxd1+ 37. Kg2 Qg4+ 38. Kf1 Qd1+ 39. Kg2 Qg4+ 40.
Kf1 Qd1+ 1/2-1/2